[Event "Cambridge International Open 2024"]
[Site "Cambridge, United Kingdom"]
[Date "2024.02.21"]
[Round "4.4"]
[White "Turner, Matthew J"]
[Black "Adams, Michael"]
[Result "1/2-1/2"]
[TimeControl "G: 90min + 30 seconds added per move"]
[WhiteFideId "402893"]
[BlackFideId "400041"]
[WhiteElo "2447"]
[BlackElo "2673"]

1. d4 {[%clk 01:30:53]} {[%emt 00:00:06]} Nf6 {[%clk 01:30:51]} {[%emt
00:00:10]} 2. c4 {[%clk 01:30:58]} {[%emt 00:00:25]} e6 {[%clk 01:31:13]}
{[%emt 00:00:08]} 3. g3 {[%clk 01:30:40]} {[%emt 00:00:48]} d5 {[%clk
01:30:22]} {[%emt 00:01:21]} 4. Bg2 {[%clk 01:30:06]} {[%emt 00:01:05]} Bb4+
{[%clk 01:30:44]} {[%emt 00:00:07]} 5. Nd2 {[%clk 01:28:46]} {[%emt 00:01:50]}
O-O {[%clk 01:31:03]} {[%emt 00:00:11]} 6. Ngf3 {[%clk 01:28:34]} {[%emt
00:00:42]} b6 {[%clk 01:31:19]} {[%emt 00:00:14]} 7. O-O {[%clk 01:28:10]}
{[%emt 00:00:54]} Bb7 {[%clk 01:31:44]} {[%emt 00:00:05]} 8. b3 {[%clk
01:28:00]} {[%emt 00:00:40]} a5 {[%clk 01:32:03]} {[%emt 00:00:12]} 9. Bb2
{[%clk 01:25:34]} {[%emt 00:02:55]} a4 {[%clk 01:32:09]} {[%emt 00:00:24]} 10.
Rc1 {[%clk 01:21:22]} {[%emt 00:04:42]} a3 {[%clk 01:20:09]} {[%emt 00:12:30]}
11. Ba1 {[%clk 01:20:39]} {[%emt 00:01:12]} Na6 {[%clk 01:20:07]} {[%emt
00:00:33]} 12. Ne5 {[%clk 01:18:12]} {[%emt 00:02:57]} Bd6 {[%clk 01:12:04]}
{[%emt 00:08:33]} 13. Nd3 {[%clk 01:17:49]} {[%emt 00:00:53]} Qe7 {[%clk
01:09:31]} {[%emt 00:03:03]} 14. e3 {[%clk 01:15:56]} {[%emt 00:02:23]} Nb4
{[%clk 01:08:53]} {[%emt 00:01:08]} 15. Nxb4 {[%clk 01:15:02]} {[%emt
00:01:24]} Bxb4 {[%clk 01:09:21]} {[%emt 00:00:02]} 16. Qc2 {[%clk 01:13:16]}
{[%emt 00:02:16]} c5 {[%clk 01:08:04]} {[%emt 00:01:47]} 17. dxc5 {[%clk
01:11:22]} {[%emt 00:02:24]} Bxc5 {[%clk 01:06:25]} {[%emt 00:02:09]} 18. Rfd1
{[%clk 01:06:50]} {[%emt 00:05:02]} Rac8 {[%clk 01:05:24]} {[%emt 00:01:31]} 19.
Qb1 {[%clk 01:05:28]} {[%emt 00:01:52]} Rfd8 {[%clk 01:01:10]} {[%emt
00:04:43]} 20. cxd5 {[%clk 01:02:55]} {[%emt 00:03:03]} Nxd5 {[%clk 01:01:03]}
{[%emt 00:00:37]} 21. Ne4 {[%clk 00:59:04]} {[%emt 00:04:21]} Nxe3 {[%clk
00:43:37]} {[%emt 00:17:56]} 22. Rxd8+ {[%clk 00:56:40]} {[%emt 00:02:54]} Rxd8
{[%clk 00:43:44]} {[%emt 00:00:24]} 23. Nxc5 {[%clk 00:50:20]} {[%emt
00:06:50]} Bxg2 {[%clk 00:41:36]} {[%emt 00:02:38]} 24. fxe3 {[%clk 00:50:27]}
{[%emt 00:00:23]} Ba8 {[%clk 00:41:06]} {[%emt 00:01:00]} 25. Ne4 {[%clk
00:48:55]} {[%emt 00:02:02]} f5 {[%clk 00:34:45]} {[%emt 00:06:51]} 26. Nf2
{[%clk 00:41:29]} {[%emt 00:07:56]} Qb7 {[%clk 00:34:52]} {[%emt 00:00:23]} 27.
e4 {[%clk 00:41:39]} {[%emt 00:00:20]} fxe4 {[%clk 00:34:43]} {[%emt 00:00:39]}
28. Qxe4 {[%clk 00:40:43]} {[%emt 00:01:26]} Qxe4 {[%clk 00:35:04]} {[%emt
00:00:09]} 29. Nxe4 {[%clk 00:41:10]} {[%emt 00:00:03]} Bxe4 {[%clk 00:35:27]}
{[%emt 00:00:07]} 30. Kf2 {[%clk 00:40:21]} {[%emt 00:01:19]} Bf5 {[%clk
00:30:47]} {[%emt 00:05:10]} 31. Ke3 {[%clk 00:39:36]} {[%emt 00:01:14]} Rd3+
{[%clk 00:29:01]} {[%emt 00:02:16]} 32. Ke2 {[%clk 00:37:55]} {[%emt 00:02:12]}
Rd7 {[%clk 00:29:26]} {[%emt 00:00:05]} 33. Ke3 {[%clk 00:37:44]} {[%emt
00:00:42]} Kf7 {[%clk 00:28:03]} {[%emt 00:01:52]} 34. Bd4 {[%clk 00:33:32]}
{[%emt 00:04:42]} b5 {[%clk 00:26:37]} {[%emt 00:01:57]} 35. Rc5 {[%clk
00:32:54]} {[%emt 00:01:06]} Rb7 {[%clk 00:22:17]} {[%emt 00:04:51]} 36. b4
{[%clk 00:30:21]} {[%emt 00:03:03]} Bb1 {[%clk 00:15:11]} {[%emt 00:07:35]} 37.
Rc3 {[%clk 00:30:19]} {[%emt 00:00:33]} e5 {[%clk 00:15:21]} {[%emt 00:00:21]}
38. Bc5 {[%clk 00:28:47]} {[%emt 00:02:00]} Bxa2 {[%clk 00:13:02]} {[%emt
00:02:50]} 39. Rxa3 {[%clk 00:29:11]} {[%emt 00:00:06]} Bd5 {[%clk 00:13:26]}
{[%emt 00:00:06]} 40. Ra7 {[%clk 00:29:18]} {[%emt 00:00:24]} Rxa7 {[%clk
00:13:50]} {[%emt 00:00:04]} 1/2-1/2

[Event "Cambridge International Open 2024"]
[Site "Cambridge, United Kingdom"]
[Date "2024.02.21"]
[Round "5.1"]
[White "Wachinger, Nikolas"]
[Black "Sonis, Francesco"]
[Result "1/2-1/2"]
[TimeControl "G: 90min + 30 seconds added per move"]
[WhiteFideId "12962791"]
[BlackFideId "895733"]
[WhiteElo "2432"]
[BlackElo "2570"]

1. e4 {[%clk 01:28:25]} {[%emt 00:01:55]} c5 {[%clk 01:30:56]} {[%emt
00:00:12]} 2. Nf3 {[%clk 01:28:37]} {[%emt 00:01:38]} d6 {[%clk 01:31:18]}
{[%emt 00:00:08]} 3. Bb5+ {[%clk 01:28:47]} {[%emt 00:00:20]} Nd7 {[%clk
01:31:40]} {[%emt 00:00:09]} 4. d4 {[%clk 01:29:01]} {[%emt 00:00:15]} cxd4
{[%clk 01:32:01]} {[%emt 00:00:09]} 5. Nxd4 {[%clk 01:29:24]} {[%emt 00:00:08]}
Ngf6 {[%clk 01:32:08]} {[%emt 00:00:22]} 6. O-O {[%clk 01:29:44]} {[%emt
00:00:11]} a6 {[%clk 01:29:43]} {[%emt 00:02:56]} 7. Bd3 {[%clk 01:29:43]}
{[%emt 00:00:29]} Nc5 {[%clk 01:29:47]} {[%emt 00:00:26]} 8. Nc3 {[%clk
01:27:16]} {[%emt 00:02:57]} g6 {[%clk 01:30:09]} {[%emt 00:00:08]} 9. Re1
{[%clk 01:24:44]} {[%emt 00:03:02]} Bg7 {[%clk 01:27:15]} {[%emt 00:03:24]} 10.
Bf1 {[%clk 01:23:29]} {[%emt 00:01:46]} O-O {[%clk 01:27:37]} {[%emt 00:00:08]}
11. Bg5 {[%clk 01:20:29]} {[%emt 00:03:30]} h6 {[%clk 01:27:08]} {[%emt
00:00:59]} 12. Bh4 {[%clk 01:20:38]} {[%emt 00:00:21]} e6 {[%clk 01:15:27]}
{[%emt 00:12:11]} 13. Qd2 {[%clk 01:14:16]} {[%emt 00:06:52]} g5 {[%clk
01:06:01]} {[%emt 00:09:56]} 14. Bg3 {[%clk 01:14:35]} {[%emt 00:00:10]} Nh5
{[%clk 01:06:27]} {[%emt 00:00:04]} 15. Rad1 {[%clk 01:13:32]} {[%emt
00:01:34]} Nxg3 {[%clk 01:04:09]} {[%emt 00:02:48]} 16. hxg3 {[%clk 01:13:58]}
{[%emt 00:00:03]} Bd7 {[%clk 00:58:14]} {[%emt 00:06:26]} 17. Nb3 {[%clk
01:06:16]} {[%emt 00:08:12]} Na4 {[%clk 00:54:14]} {[%emt 00:04:30]} 18. Nxa4
{[%clk 00:59:45]} {[%emt 00:07:02]} Bxa4 {[%clk 00:54:36]} {[%emt 00:00:07]} 19.
c3 {[%clk 00:58:53]} {[%emt 00:01:22]} Bxb3 {[%clk 00:54:38]} {[%emt 00:00:29]}
20. axb3 {[%clk 00:59:15]} {[%emt 00:00:07]} Qb6 {[%clk 00:55:04]} {[%emt
00:00:03]} 21. b4 {[%clk 00:59:22]} {[%emt 00:00:23]} Rfd8 {[%clk 00:55:29]}
{[%emt 00:00:06]} 22. Qe3 {[%clk 00:59:00]} {[%emt 00:00:51]} Qxe3 {[%clk
00:54:15]} {[%emt 00:01:45]} 23. Rxe3 {[%clk 00:59:28]} {[%emt 00:00:01]} Kf8
{[%clk 00:54:40]} {[%emt 00:00:05]} 24. Ra1 {[%clk 00:59:30]} {[%emt 00:00:28]}
Ke7 {[%clk 00:55:05]} {[%emt 00:00:06]} 25. g4 {[%clk 00:59:09]} {[%emt
00:00:51]} d5 {[%clk 00:54:28]} {[%emt 00:01:07]} 26. exd5 {[%clk 00:59:24]}
{[%emt 00:00:15]} Rxd5 {[%clk 00:54:53]} {[%emt 00:00:05]} 27. Rd3 {[%clk
00:59:42]} {[%emt 00:00:11]} Rad8 {[%clk 00:53:24]} {[%emt 00:02:00]} 28. Rad1
{[%clk 01:00:01]} {[%emt 00:00:11]} R8d6 {[%clk 00:52:11]} {[%emt 00:01:44]} 29.
Be2 {[%clk 00:59:25]} {[%emt 00:01:05]} Kd7 {[%clk 00:43:33]} {[%emt 00:09:09]}
30. Kf1 {[%clk 00:58:35]} {[%emt 00:01:19]} Kc7 {[%clk 00:43:52]} {[%emt
00:00:11]} 31. g3 {[%clk 00:58:05]} {[%emt 00:01:00]} b5 {[%clk 00:42:40]}
{[%emt 00:01:42]} 32. Ke1 {[%clk 00:56:33]} {[%emt 00:02:02]} Kb6 {[%clk
00:42:45]} {[%emt 00:00:25]} 33. Kd2 {[%clk 00:56:22]} {[%emt 00:00:41]} Rd7
{[%clk 00:41:09]} {[%emt 00:02:06]} 34. Kc2 {[%clk 00:56:17]} {[%emt 00:00:34]}
Be5 {[%clk 00:39:47]} {[%emt 00:01:52]} 35. Bf3 {[%clk 00:56:00]} {[%emt
00:00:47]} Rxd3 {[%clk 00:37:39]} {[%emt 00:02:38]} 36. Rxd3 {[%clk 00:56:27]}
{[%emt 00:00:03]} Rxd3 {[%clk 00:35:17]} {[%emt 00:02:52]} 37. Kxd3 {[%clk
00:56:45]} {[%emt 00:00:12]} f5 {[%clk 00:34:35]} {[%emt 00:01:13]} 38. Bd1
{[%clk 00:56:28]} {[%emt 00:00:47]} f4 {[%clk 00:34:39]} {[%emt 00:00:25]} 39.
gxf4 {[%clk 00:56:31]} {[%emt 00:00:28]} Bxf4 {[%clk 00:34:57]} {[%emt
00:00:12]} 40. Bb3 {[%clk 00:56:52]} {[%emt 00:00:08]} e5 {[%clk 00:35:22]}
{[%emt 00:00:06]} 41. Bd5 {[%clk 00:56:54]} {[%emt 00:00:28]} 1/2-1/2

[Event "Cambridge International Open 2024"]
[Site "Cambridge, United Kingdom"]
[Date "2024.02.21"]
[Round "5.22"]
[White "Payne, Matthew J"]
[Black "Hebden, Mark L"]
[Result "1/2-1/2"]
[TimeControl "G: 90min + 30 seconds added per move"]
[WhiteFideId "417084"]
[BlackFideId "400084"]
[WhiteElo "2089"]
[BlackElo "2416"]

1. e4 {[%clk 01:30:41]} {[%emt 00:00:19]} e5 {[%clk 01:30:49]} {[%emt
00:00:11]} 2. Nf3 {[%clk 01:30:42]} {[%emt 00:00:30]} Nc6 {[%clk 01:31:10]}
{[%emt 00:00:08]} 3. Bc4 {[%clk 01:31:04]} {[%emt 00:00:09]} Nf6 {[%clk
01:30:35]} {[%emt 00:01:04]} 4. d4 {[%clk 01:31:16]} {[%emt 00:00:18]} exd4
{[%clk 01:30:52]} {[%emt 00:00:13]} 5. e5 {[%clk 01:31:23]} {[%emt 00:00:23]}
Ne4 {[%clk 01:30:50]} {[%emt 00:00:31]} 6. Qe2 {[%clk 01:31:00]} {[%emt
00:00:54]} Nc5 {[%clk 01:30:47]} {[%emt 00:00:33]} 7. O-O {[%clk 01:30:35]}
{[%emt 00:00:55]} Be7 {[%clk 01:25:22]} {[%emt 00:05:55]} 8. Rd1 {[%clk
01:29:47]} {[%emt 00:01:18]} O-O {[%clk 01:13:01]} {[%emt 00:12:51]} 9. Nxd4
{[%clk 01:26:03]} {[%emt 00:04:14]} d5 {[%clk 01:12:35]} {[%emt 00:00:57]} 10.
exd6 {[%clk 01:16:00]} {[%emt 00:10:34]} Bxd6 {[%clk 01:08:38]} {[%emt
00:04:26]} 11. Nxc6 {[%clk 01:08:07]} {[%emt 00:08:23]} bxc6 {[%clk 01:08:52]}
{[%emt 00:00:15]} 12. Be3 {[%clk 01:07:18]} {[%emt 00:01:19]} Qh4 {[%clk
01:06:09]} {[%emt 00:03:13]} 13. g3 {[%clk 01:02:38]} {[%emt 00:05:10]} Qf6
{[%clk 01:06:08]} {[%emt 00:00:31]} 14. Qh5 {[%clk 00:49:17]} {[%emt 00:13:51]}
Bf5 {[%clk 01:05:08]} {[%emt 00:01:30]} 15. Bd4 {[%clk 00:47:55]} {[%emt
00:01:53]} Bg6 {[%clk 00:59:11]} {[%emt 00:06:26]} 16. Qxc5 {[%clk 00:43:32]}
{[%emt 00:04:54]} Bxc5 {[%clk 00:57:59]} {[%emt 00:01:41]} 17. Bxf6 {[%clk
00:43:58]} {[%emt 00:00:05]} gxf6 {[%clk 00:58:19]} {[%emt 00:00:10]} 18. Bd3
{[%clk 00:39:47]} {[%emt 00:04:41]} Rab8 {[%clk 00:54:09]} {[%emt 00:04:40]} 19.
b3 {[%clk 00:30:51]} {[%emt 00:09:26]} Rfd8 {[%clk 00:44:41]} {[%emt 00:09:57]}
20. Nd2 {[%clk 00:29:31]} {[%emt 00:01:50]} Bh5 {[%clk 00:41:38]} {[%emt
00:03:33]} 21. Rf1 {[%clk 00:29:15]} {[%emt 00:00:46]} f5 {[%clk 00:40:33]}
{[%emt 00:01:35]} 22. Nc4 {[%clk 00:27:48]} {[%emt 00:01:57]} f4 {[%clk
00:38:11]} {[%emt 00:02:53]} 23. Rfe1 {[%clk 00:22:33]} {[%emt 00:05:45]} Re8
{[%clk 00:34:51]} {[%emt 00:03:49]} 24. c3 {[%clk 00:20:57]} {[%emt 00:02:06]}
Rbd8 {[%clk 00:31:16]} {[%emt 00:04:05]} 25. Bf5 {[%clk 00:17:31]} {[%emt
00:03:56]} fxg3 {[%clk 00:29:42]} {[%emt 00:02:04]} 26. hxg3 {[%clk 00:17:41]}
{[%emt 00:00:20]} Bf3 {[%clk 00:29:50]} {[%emt 00:00:22]} 27. Ne5 {[%clk
00:11:36]} {[%emt 00:06:35]} Bd5 {[%clk 00:26:11]} {[%emt 00:04:10]} 28. Nd7
{[%clk 00:09:24]} {[%emt 00:02:42]} Be7 {[%clk 00:24:05]} {[%emt 00:02:35]} 29.
Rad1 {[%clk 00:08:38]} {[%emt 00:01:16]} Kg7 {[%clk 00:24:17]} {[%emt
00:00:19]} 30. c4 {[%clk 00:07:15]} {[%emt 00:01:53]} Be6 {[%clk 00:24:20]}
{[%emt 00:00:26]} 31. Bxe6 {[%clk 00:06:28]} {[%emt 00:01:18]} Bb4 {[%clk
00:24:23]} {[%emt 00:00:26]} 32. Re4 {[%clk 00:05:29]} {[%emt 00:01:28]} Rxe6
{[%clk 00:23:19]} {[%emt 00:01:35]} 33. Rxe6 {[%clk 00:05:37]} {[%emt
00:00:23]} fxe6 {[%clk 00:23:41]} {[%emt 00:00:08]} 34. Rd3 {[%clk 00:05:57]}
{[%emt 00:00:10]} a5 {[%clk 00:22:52]} {[%emt 00:01:19]} 35. Ne5 {[%clk
00:05:35]} {[%emt 00:00:51]} Rxd3 {[%clk 00:22:59]} {[%emt 00:00:23]} 36. Nxd3
{[%clk 00:06:03]} {[%emt 00:00:01]} Kf6 {[%clk 00:23:11]} {[%emt 00:00:19]} 37.
f3 {[%clk 00:04:53]} {[%emt 00:01:41]} Bd6 {[%clk 00:19:36]} {[%emt 00:04:04]}
38. Kf2 {[%clk 00:05:06]} {[%emt 00:00:16]} h5 {[%clk 00:19:44]} {[%emt
00:00:23]} 39. a4 {[%clk 00:04:40]} {[%emt 00:00:56]} c5 {[%clk 00:18:03]}
{[%emt 00:02:11]} 40. f4 {[%clk 00:03:37]} {[%emt 00:01:34]} e5 {[%clk
00:17:47]} {[%emt 00:00:45]} 41. fxe5+ {[%clk 00:03:24]} {[%emt 00:00:44]} Bxe5
{[%clk 00:18:15]} {[%emt 00:00:02]} 42. Kf3 {[%clk 00:03:47]} {[%emt 00:00:06]}
Bd6 {[%clk 00:18:25]} {[%emt 00:00:21]} 43. Nc1 {[%clk 00:02:58]} {[%emt
00:01:18]} Ke5 {[%clk 00:18:12]} {[%emt 00:00:43]} 44. Ke3 {[%clk 00:03:11]}
{[%emt 00:00:17]} Kf5 {[%clk 00:15:34]} {[%emt 00:03:08]} 45. Kf3 {[%clk
00:03:28]} {[%emt 00:00:14]} Ke5 {[%clk 00:14:03]} {[%emt 00:02:01]} 46. Ke4+
{[%clk 00:03:51]} {[%emt 00:00:47]} 1/2-1/2

[Event "Cambridge International Open 2024"]
[Site "Cambridge, United Kingdom"]
[Date "2024.02.24"]
[Round "9.18"]
[White "Denderski, Piotr"]
[Black "Golubovic, Erik"]
[Result "0-1"]
[TimeControl "G: 90min + 30 seconds added per move"]
[WhiteFideId "1120018"]
[BlackFideId "14586908"]
[WhiteElo "2155"]
[BlackElo "2025"]

1. d4 {[%clk 01:30:57]} Nf6 {[%clk 01:30:54]} {[%emt 00:00:07]} 2. c4 {[%clk
01:31:05]} {[%emt 00:00:20]} c5 {[%clk 01:31:17]} {[%emt 00:00:07]} 3. d5
{[%clk 01:31:16]} {[%emt 00:00:19]} b5 {[%clk 01:31:40]} {[%emt 00:00:08]} 4.
cxb5 {[%clk 01:31:35]} {[%emt 00:00:10]} a6 {[%clk 01:32:05]} {[%emt 00:00:06]}
5. bxa6 {[%clk 01:32:03]} {[%emt 00:00:02]} Bxa6 {[%clk 01:32:29]} {[%emt
00:00:06]} 6. Nc3 {[%clk 01:32:27]} {[%emt 00:00:08]} d6 {[%clk 01:32:51]}
{[%emt 00:00:05]} 7. e4 {[%clk 01:32:41]} {[%emt 00:00:18]} Bxf1 {[%clk
01:33:13]} {[%emt 00:00:08]} 8. Kxf1 {[%clk 01:33:06]} {[%emt 00:00:04]} g6
{[%clk 01:33:38]} {[%emt 00:00:06]} 9. g3 {[%clk 01:33:33]} {[%emt 00:00:03]}
Bg7 {[%clk 01:34:02]} {[%emt 00:00:06]} 10. Kg2 {[%clk 01:33:51]} {[%emt
00:00:13]} O-O {[%clk 01:34:25]} {[%emt 00:00:08]} 11. f4 {[%clk 01:34:18]}
{[%emt 00:00:02]} Nbd7 {[%clk 01:30:06]} {[%emt 00:04:48]} 12. Nf3 {[%clk
01:34:42]} {[%emt 00:00:06]} Qb6 {[%clk 01:28:19]} {[%emt 00:02:16]} 13. Qe2
{[%clk 01:25:09]} {[%emt 00:10:04]} e6 {[%clk 01:20:42]} {[%emt 00:08:07]} 14.
dxe6 {[%clk 01:20:33]} {[%emt 00:05:06]} fxe6 {[%clk 01:20:53]} {[%emt
00:00:19]} 15. Qc4 {[%clk 01:18:14]} {[%emt 00:02:50]} Kh8 {[%clk 01:15:31]}
{[%emt 00:05:51]} 16. e5 {[%clk 01:12:35]} {[%emt 00:06:09]} dxe5 {[%clk
01:11:56]} {[%emt 00:04:05]} 17. fxe5 {[%clk 01:13:02]} {[%emt 00:00:04]} Nd5
{[%clk 00:55:17]} {[%emt 00:17:09]} 18. Nxd5 {[%clk 00:48:10]} {[%emt
00:23:33]} exd5 {[%clk 00:54:39]} {[%emt 00:02:56]} 19. Qxd5 {[%clk 00:42:50]}
{[%emt 00:05:51]} Rad8 {[%clk 00:53:10]} {[%emt 00:01:59]} 20. Bg5 {[%clk
00:39:17]} {[%emt 00:04:03]} Nxe5 {[%clk 00:41:06]} {[%emt 00:12:33]} 21. Bxd8
{[%clk 00:38:51]} {[%emt 00:00:56]} Rxd8 {[%clk 00:29:31]} {[%emt 00:12:05]} 22.
Qb3 {[%clk 00:37:01]} {[%emt 00:02:20]} Qc6 {[%clk 00:28:28]} {[%emt 00:01:33]}
23. Rad1 {[%clk 00:36:43]} {[%emt 00:00:49]} Rf8 {[%clk 00:28:39]} {[%emt
00:00:18]} 24. Rhf1 {[%clk 00:27:46]} {[%emt 00:09:28]} c4 {[%clk 00:25:59]}
{[%emt 00:03:10]} 25. Qa3 {[%clk 00:27:46]} {[%emt 00:00:30]} Nxf3 {[%clk
00:22:54]} {[%emt 00:03:35]} 26. Rxf3 {[%clk 00:28:00]} {[%emt 00:00:16]} c3
{[%clk 00:23:09]} {[%emt 00:00:14]} 27. Qxf8+ {[%clk 00:20:41]} {[%emt
00:07:50]} Bxf8 {[%clk 00:23:31]} {[%emt 00:00:08]} 28. bxc3 {[%clk 00:21:09]}
{[%emt 00:00:02]} Bc5 {[%clk 00:21:55]} {[%emt 00:02:04]} 29. Rdd3 {[%clk
00:17:22]} {[%emt 00:04:19]} Qa8 {[%clk 00:16:39]} {[%emt 00:05:46]} 30. a3
{[%clk 00:14:28]} Qxa3 {[%clk 00:16:39]} 31. Rd8+ {[%clk 00:14:53]} {[%emt
00:05:38]} Kg7 {[%clk 00:15:24]} {[%emt 00:00:05]} 32. Rd7+ {[%clk 00:15:21]}
{[%emt 00:00:02]} Kh6 {[%clk 00:15:36]} {[%emt 00:00:17]} 33. Rfd3 {[%clk
00:10:53]} {[%emt 00:04:59]} Qa2+ {[%clk 00:13:11]} {[%emt 00:02:54]} 34. Rd2
{[%clk 00:09:43]} {[%emt 00:01:41]} Qb1 {[%clk 00:12:40]} {[%emt 00:01:00]} 35.
R7d3 {[%clk 00:08:01]} {[%emt 00:02:14]} Qg1+ {[%clk 00:12:51]} {[%emt
00:00:18]} 36. Kf3 {[%clk 00:08:30]} {[%emt 00:00:02]} Qf1+ {[%clk 00:13:04]}
{[%emt 00:00:14]} 0-1